| 000 | 01529cam a22004217a 4500 | ||
|---|---|---|---|
| 003 | CHAP | ||
| 005 | 20220329142733.0 | ||
| 008 | 010920s2001 mx r 00010 spa d | ||
| 010 | _a87071 | ||
| 011 | _a88043 | ||
| 035 | _a98588 | ||
| 040 | _cCHAP | ||
| 090 | _aTesis | ||
| 100 | 0 | 0 |
_aMendoza Guzmán, Salvador. _974666 |
| 245 | 1 | 0 |
_aInfluencia del cinc sobre comportamiento productivo y características de canal en corderos _c/por Salvador Mendoza Guzmán |
| 260 |
_aChapingo, Méx. : _bEl autor, _c2003. |
||
| 300 | _a58 h. | ||
| 502 | _aTesis (M.C. en Producción Animal) --UACH. Departamento de Zootecnia | ||
| 530 | _aTambién disponible en línea | ||
| 590 |
_aALEPH _b10 _c20130110 _lUCH01 _h1453 |
||
| 590 |
_aBATCH-UPD _b10 _c20130110 _lUCH01 _h1313 |
||
| 590 |
_aBATCH-UPD _b10 _c20130410 _lUCH01 _h0825 |
||
| 590 |
_aBATCH-UPD _b10 _c20130914 _lUCH01 _h0851 |
||
| 590 |
_aBATCH-UPD _b10 _c20140324 _lUCH01 _h1438 |
||
| 590 |
_aBATCH-UPD _b10 _c20141002 _lUCH01 _h0817 |
||
| 590 |
_aCONVERSION _b10 _c20130109 _lUCH01 _h1348 |
||
| 650 | 1 | 4 |
_aCarne en canal. _919226 |
| 650 | 1 | 4 |
_aGanado lanar _xEngorda. _945175 |
| 650 | 1 | 4 |
_aGanado lanar _xProducción. _945214 |
| 650 | 1 | 4 |
_aZinc en nutrición animal. _9124068 |
| 650 | 1 | 4 |
_aZinc. _9124054 |
| 856 |
_3Finding aid _uhttp://10.13.5.2/tesis/98588.pdf _zTeclea aqui |
||
| 901 | _aBK | ||
| 905 | _aAlejandra Carrasco M. | ||
| 942 | _cFOLL | ||
| 949 |
_aTesis _bBC _cTES _d33724000888624 _eTS2 _fc.2 _h40782 _i98588 _sb |
||
| 949 |
_aTesis _bBC _cTES _d985881 _eTS1 _h40781 _i98588 _sb |
||
| 999 |
_c87071 _d87071 |
||